Events of 1984 - Statistics

General Stats
  • This quiz has been taken 701 times
  • The average score is 11 of 20
Answer Stats
Hint Answer % Correct
This King of Pop is burned while filming a Pepsi ad. Michael Jackson
89%
…but they are boycotted by this country and its allies. USSR
88%
The Summer Olympics take place in this U.S. city… Los Angeles
85%
This musician’s “Purple Rain” album goes to #1. Prince
85%
Apple introduces this stylish new computer. Macintosh
80%
This Facebook founder is born. Mark Zuckerberg
75%
This prince of the United Kingdom is born. Prince Harry
75%
This Indian Prime Minister is assassinated. She is succeeded by her son. Indira Gandhi
71%
This “Prince of Motown” is shot and killed by his father. Marvin Gaye
60%
This South African prince of the church receives the Nobel Peace Prize. Desmond Tutu
48%
A year-long strike, sometimes violent, begins in this nation’s coal industry. United Kingdom
47%
U.S. President Reagan is reelected, soundly defeating this Democrat. Walter Mondale
39%
Indian troops kill 2,000 in the Golden Temple, holiest shrine of this religion. Sikh
37%
This beauty queen resigns when nude photos appear in Penthouse. Vanessa Williams
35%
A Union Carbide gas leak kills thousands in this Indian city. Bhopal
33%
This movie, with Shirley MacLaine and Jack Nicholson, wins 5 Oscars. Terms of Endearment
33%
Sony introduces the 3 1-2” computer ____. disk
29%
This country adopts its national anthem, “Advance _________ Fair.” Australia
25%
Upper Volta changes its name to this. Burkina Faso
25%
This institute begins looking spaceward for alien life. SETI
23%
No matching quizzes found
Score Distribution
Percent of People with Each Score
Percentile by Number Answered
Your Score History
You have not taken this quiz